| 000 | 00539nam a2200181 a 4500 | ||
|---|---|---|---|
| 999 |
_c1459 _d1459 |
||
| 008 | 200103t2011 ii ad||g |||| 00| 0 eng d | ||
| 020 |
_a9788192079011 _cRs. 300.00 |
||
| 040 |
_aKO _beng |
||
| 041 | 0 | _aeng | |
| 082 | 0 | 4 |
_223 _a623.8245 _bM6919 |
| 100 | 1 | _aMistree, K. S. D. | |
| 245 | 1 | 0 |
_aBasic introduction to oil,chemical,lpg and lng tanker handbook / _cK. S. D. Mistree |
| 260 |
_aMumbai : _bMarex media pvt Ltd , _c2011. |
||
| 300 |
_a150 p. : _bill., charts ; _c26 cm. |
||
| 650 | 0 |
_aTankers _vTextbooks |
|
| 942 | _cBK | ||